| 000 | 01441cam a22003614a 4500 | ||
|---|---|---|---|
| 001 | 1686186 | ||
| 003 | NUST - PNEC | ||
| 005 | 20170116180853.0 | ||
| 008 | 990504s2000 enka b 001 0 eng | ||
| 010 | _a 99031144 | ||
| 020 | _a052159443X (hc.) | ||
| 020 | _a0521594634 (pbk.) | ||
| 040 |
_aDLC _cLIBRARY _dDLC |
||
| 042 | _apcc | ||
| 050 | 0 | 0 |
_aTA342 _b.C45 2000 |
| 082 | 0 | 0 | _a620.0011 CHA |
| 100 | 1 | _aCha, Philip D. | |
| 245 | 1 | 0 |
_aFundamentals of modeling and analyzing engineering systems / _cPhilip D. Cha, James J. Rosenberg, Clive L. Dym. |
| 250 | _a1st ed. | ||
| 260 |
_aCambridge, [England] ; _aNew York : _bCambridge University Press, _cc2000. |
||
| 300 |
_axxi, 466 p. : _bill. ; _c27 cm. |
||
| 504 | _aIncludes bibliographical references and index. | ||
| 650 | 0 |
_aMathematical models. _xME |
|
| 650 | 0 | _aSystem analysis. | |
| 700 | 1 | _aRosenberg, James J. | |
| 700 | 1 | _aDym, Clive L. | |
| 856 | 4 | 1 |
_3Sample text _uhttp://www.loc.gov/catdir/samples/cam032/99031144.html |
| 856 | 4 | 2 |
_3Publisher description _uhttp://www.loc.gov/catdir/description/cam0210/99031144.html |
| 856 | 4 | 1 |
_3Table of contents _uhttp://www.loc.gov/catdir/toc/cam021/99031144.html |
| 906 |
_a7 _bcbc _corignew _d1 _eocip _f19 _gy-gencatlg |
||
| 942 |
_2ddc _cBK |
||
| 999 |
_c64688 _d64688 |
||